[Event "LTU-ch"]
[Site "Vilnius"]
[Date "2002.05.19"]
[Round "3"]
[White "Rozentalis, Eduardas"]
[Black "Sulskis, Sarunas"]
[Result "1-0"]
[WhiteElo "2586"]
[BlackElo "2577"]
[Annotator "Donev,I"]
[PlyCount "71"]
[EventDate "2002.05.17"]
[EventType "tourn"]
[EventRounds "11"]
[EventCountry "LTU"]
[EventCategory "9"]
[SourceTitle "CBM 090"]
[Source "ChessBase"]
[SourceDate "2002.09.20"]
[SourceVersion "1"]
[SourceVersionDate "2002.09.20"]
[SourceQuality "1"]

1. e4 e5 2. Nf3 Nc6 3. Bb5 a6 4. Bxc6 dxc6 5. O-O Qd6 6. d3 Bg4 7. Be3 f6 8.
Nbd2 O-O-O {Es ist bekannt, dass der Großmeister Rosentalis Spezialist der
Abtauschvariante der Spanischen Partie ist.  Hier noch ein Beispiel aus seiner
Praxis:} ({RR} 8... c5 9. Nc4 Qd7 10. h3 Be6 11. Qe2 g5 12. Nfxe5 fxe5 13. Nxe5
Qg7 14. Qh5+ Kd8 15. Bxg5+ Be7 16. Bxe7+ Nxe7 17. f4 Rg8 18. g4 a5 19. c3 Ra6
20. d4 cxd4 21. cxd4 Kc8 22. Rf2 Ng6 23. Nxg6 {Rozentalis,E-Mikhalevski,A/
Israel 1999/EXT 2000/1/2-1/2 (47)}) 9. a3 $146 {Der Anziehende hat seine
Kräfte harmonisch entwickelt. Mit seinem letzten Zug bereitet er einen
Bauernsturm (mittels b2-b4, a4 /\ b5) am Damenflügell vor. Dieser logische
Plan bei verschiedenseitigen Rochaden war die Waffe des besten brasilianischen
Grossmeisters in seinem Matsch gegen den damals schrecklichen Kortschnoj. Hier
die lehrreiche Musterpartie für die Fans der Abtauschvariante:} ({RR} 9. Rb1
Ne7 10. b4 g5 11. a4 Ng6 12. b5 cxb5 13. axb5 axb5 14. Rxb5 Qc6 15. Rb2 Bc5 16.
Nb3 Bb4 17. Nfd4 exd4 18. Qxg4+ Qd7 19. Qxd7+ Rxd7 20. Nxd4 Bc3 21. Ra2 Rxd4
22. Ra3 Rb4 23. Rxc3 Re8 24. f3 {Mecking,H-Kortschnoj,V/Augusta 1974/
Candidates/1-0 (41)}) 9... Kb8 10. b4 Ne7 11. Qb1 Nc8 12. Bc5 Qd7 13. a4 {
Alles läuft nach Plan. Langsam wird die Lage des schwarzen Königs am
Damenflügel ungemütlich.} Ka8 {Es ist schwer zu verstehen, warum der König
nach a8 geht?} 14. Qb2 {Weiß bereitet Rfb1 vor.} Nd6 15. Rfb1 b6 $2 {Schwächt
der Bauer a6.} (15... Kb8 $142 16. Bxd6 Bxd6 17. Qc3) 16. Be3 Nb7 17. Qc3 {
[%cal Yc3c4,Yc4a6]} Kb8 (17... Nd6 18. b5 $1 a5 (18... cxb5 19. axb5 a5 (19...
Nxb5 20. Rxa6+ Kb7 21. Qa1 {/\Qa4}) 20. Rxa5+ $18) 19. bxc6 $18 {Nach dem
Damenabzug folgt Rb6 oder Bb6 mit sehr starkem Angriff.}) 18. Qc4 Nd6 (18... a5
19. bxa5 Nxa5 20. Qa6 {[%cal Ya6a5]} Nb7 21. a5 $1) (18... Ka7 19. a5 $18 {
es droht sowohl axb6 als auch Qxa6! nebst Mattangriff.}) 19. Qxa6 {Die ersten
Früchte des weißen Angriffs sind gefallen. Es ist merkwürdig, wie die Partie
bis jetzt verlaufen ist, wie ein Fußballmatch auf ein Tor. Die Hauptszene war
der Damenflügel, wo der schwarze Monarch sich befand. Und der weiße König
befindet sich gemütlich am Königsflügel, wo der Nachziehende kein Spiel
organisieren konnte!} Qc8 {Um den weißen Angriff zu neutralisieren erzwingt
der Nachziehende den Damentausch, mit der Hoffnung sich im Endspiel retten zu
können.} 20. Qxc8+ Kxc8 21. a5 Kb7 22. axb6 cxb6 23. Ra4 Nc8 24. Nc4 Bd6 {
Die weiße Initiative am Damenflügel war so stark, dass der Nachziehende erst
im 24. Zug Zeit gefunden hat, um seinen Königsflügel fertig zu entwickeln.} ({
Villeicht bot die folgende Variante mehr Chancen Auf Rettung:} 24... Bxf3 25.
gxf3 Bd6) 25. Nxd6+ Rxd6 26. Nd2 $1 $18 g5 {Zu spät. Jetzt ist dieser
"Angriffzug" sinnlos.} 27. Nc4 Rd7 28. Rba1 {Es droht 29.Nxb6 Nxb6 30.Ra7 +-}
b5 29. Na5+ Kc7 30. R4a3 {Jetzt leuchtet der schwache c6-Bauer.} Rhd8 31. Nb3
Kd6 32. Ra6 Rc7 33. Bc5+ Ke6 34. Na5 Kd7 35. f3 Be6 36. Rd1 1-0

[Event "Enghien les Bains 3rd"]
[Site "Enghien les Bains"]
[Date "1999.03.11"]
[Round "8"]
[White "Rausis, Igors"]
[Black "Bacrot, Etienne"]
[Result "1/2-1/2"]
[WhiteElo "2508"]
[BlackElo "2561"]
[Annotator "Donev,I"]
[PlyCount "79"]
[EventDate "1999.03.03"]
[EventType "tourn"]
[EventRounds "9"]
[EventCountry "FRA"]
[EventCategory "15"]
[SourceTitle "CBM 070"]
[Source "ChessBase"]
[SourceDate "1999.06.08"]
[SourceVersion "1"]
[SourceVersionDate "1999.06.08"]
[SourceQuality "1"]

1. e4 e5 2. Nf3 Nc6 3. Bb5 a6 4. Bxc6 dxc6 5. O-O Bg4 6. h3 h5 7. d3 Qf6 8. Be3
Bxf3 9. Qxf3 Qxf3 10. gxf3 {[%mdl 16] Für Weiß ist es günstig, wenn er mittels
f3-f4 seine Doppelbauern abtauschen kann. Eben gegen diese Idee ist der
nächste schwarze Zug gerichtet.} Bd6 11. Nd2 ({Der andere Plan wäre, den Zug
f3-f4 vorzubereiten.} 11. Nc3 Ne7 12. Ne2 {[%cal Ye2f4]} Ng6 {[%cal Yg6f4]} 13.
Kh2 $1 {[%cal Yh2g3] Ein nützlicher Zug. Einerseits bereitet er Kg3 vor um den
Zug f3-f4 zu unterstützen, andereseits befreit er die g-Linie für den Turm.} h4
14. Rg1 $14 {nebst Rg4}) 11... Ne7 12. Nc4 Ng6 13. Rfd1 (13. Kh1 f6 14. Rg1 Kf7
15. Rg3 Ne7 16. f4 exf4 17. Nxd6+ cxd6 18. Bxf4 Rad8 19. Rag1 Rhg8 20. h4 c5
21. Be3 Nc6 22. f4 b5 23. c3 c4 24. d4 d5 25. exd5 Ne7 26. Bf2 Nf5 27. Rh3 Rge8
28. b3 Re2 29. Kg2 Rxa2 30. bxc4 bxc4 31. Rb1 Rxd5 32. Rb7+ Kg6 33. Rc7 Rb5 34.
Kf3 Rbb2 35. Rh2 a5 36. Rxc4 a4 37. Rc5 Nxh4+ 38. Rxh4 Rxf2+ 39. Ke4 Rae2+ 40.
Kd3 a3 41. Rcxh5 Rd2+ 42. Ke3 Rfe2+ 43. Kf3 Re1 44. f5+ Kf7 45. Rh1 Rd3+ 46.
Kf4 Rxh1 47. Rxh1 Rxc3 48. Ra1 Ke7 49. Rg1 Rc7 50. Rxg7+ Kd6 51. Rg1 a2 52. Ra1
Rc2 53. Ke4 Rb2 54. Kd3 Rb3+ 55. Kc4 Ra3 56. Kb4 Ra8 57. Kc4 Ra7 58. d5 Ra8 59.
Kd4 Ra4+ 60. Kc3 Kxd5 61. Kb2 Ke5 62. Re1+ Kxf5 63. Ka1 Ra5 64. Rf1+ Kg6 65.
Rg1+ Kf7 {0-1 Zaitsev,I-Notkin,M/Podolsk 1993/TD (65)}) 13... b5 14. Nd2 Kd7
15. Kf1 Nf8 16. Nb3 Ne6 17. d4 exd4 (17... f6) 18. Nxd4 Nxd4 19. Bxd4 f6 20. f4
Rhe8 21. f3 ({Verlockend sieht auch das sofortige:} 21. e5 $5 {aus, da nach} c5
(21... Be7 22. exf6 gxf6 23. Bxf6+ $16) (21... fxe5 22. fxe5 Bf8 23. f4 Ke6 24.
Ke2 Kf5 25. Kf3 $14) 22. exd6 cxd4 23. Rxd4 c6 (23... cxd6 24. Rad1 Re6 25. f5
$16) 24. Rad1 {muss Weiß mit seiner Stellung zufrieden sein.}) 21... Kc8 22. e5
Be7 23. Re1 Rf8 24. Rad1 Kb7 25. Bc3 (25. Kg2 $5 $14) 25... fxe5 26. Bxe5 Bh4
27. Re4 Rf7 28. Ke2 Bg3 29. f5 Bxe5 30. Rxe5 Raf8 31. Rg1 Rd8 32. Rg5 Rfd7 33.
Kf2 Rh8 34. Re2 (34. h4 $14) 34... h4 35. Rg4 Rh5 36. Rf4 a5 37. Ree4 (37. f6
$142 gxf6 38. Rxf6 {Der Anziehende hat praktisch einen Mehrbauern am
Königsflügel, weil die schwarzen doppelten c- Bauern wertlos sind. Trotzdem
ist es schwierig, in diesem Doppelturmendspiel den kleinen weißen Vorteil zu
realisieren.} Rd1 39. f4 $14) 37... Rd2+ 38. Re2 Rd7 39. Ree4 Rd2+ 40. Re2
1/2-1/2

[Event "EU-ch 4th"]
[Site "Istanbul"]
[Date "2003.06.03"]
[Round "5"]
[White "Erenburg, Sergey"]
[Black "Inarkiev, Ernesto"]
[Result "1-0"]
[WhiteElo "2499"]
[BlackElo "2568"]
[Annotator "Erenburg,S"]
[PlyCount "89"]
[EventDate "2003.05.30"]
[EventType "swiss"]
[EventRounds "13"]
[EventCountry "TUR"]
[SourceTitle "CBM 096"]
[Source "ChessBase"]
[SourceDate "2003.09.25"]
[SourceVersion "1"]
[SourceVersionDate "2003.09.25"]
[SourceQuality "1"]

1. e4 e5 2. Nf3 Nc6 3. Bb5 a6 4. Bxc6 dxc6 5. O-O Qd6 6. Na3 Be6 7. Qe2 f6 8.
Rd1 O-O-O {Another theoretical line is} (8... c5 {1-0 Solozhenkin,E-Ibragimov,
I/St Petersburg 1998/CBM 67/[Wedberg] (37)}) 9. d4 Bg4 {Quite dangerous seems
continuation} (9... exd4 $6 {1-0 Greenfeld,A-Mikhalevski,V/Beersheba 1996/CBM
53/[Bykhovsky,Av] (30)}) 10. Be3 {White has the following possibilities:} (10.
c3 $146 {0-1 Benjamin,J-Leko,P/Horgen 1994/CBM 43/[Leko] (60)}) (10. d5 cxd5
11. Rxd5 Qc6 12. Rxd8+ Kxd8 13. b3 Kc8 $15 {Dobosz-Smejkal/Trencianske Teplice/
1979/}) 10... Qe6 11. dxe5 (11. c3 Bxa3 12. bxa3 exd4 13. Bxd4 Nh6 14. Rab1 c5
15. Bxc5 Rxd1+ 16. Rxd1 Re8 $11 {0-1 Fressinet,L-Miralles,G/Meribel 1998/CBM
67 (35)}) (11. Nc4 {0-1 Brynell,S-Almasi,Z/Malmo 1994/CBM 42/[Wedberg] (23)})
11... Re8 $5 $146 {[%mdl 8] In the previous game black has tried} (11... Rxd1+
12. Qxd1 (12. Rxd1 Bxa3 13. bxa3 fxe5 $15) 12... Bxa3 13. bxa3 fxe5 14. Ng5
Bxd1 15. Nxe6 Bxc2 16. f3 b6 17. Rc1 Ba4 18. Nxg7 $14 {1-0 Nisipeanu,
L-Sofronie,I/Cappelle la Grande 2002/CBM 86 ext (30)}) 12. Nc4 $1 {activating
the knight} (12. exf6 Nxf6 13. h3 (13. e5 Qxe5 $1) 13... Bxf3 14. Qxf3 Bxa3 15.
bxa3 Nxe4 $15) (12. Nb1 fxe5 13. Rd3 (13. h3 Bh5 14. Rd3 Nf6 15. Nbd2 h6 {
[%cal Gg7g5]}) 13... Qg6 14. Nbd2 Nf6) 12... fxe5 (12... Bxf3 13. gxf3 fxe5 14.
Rd3 $13) 13. Rd3 (13. Ncd2 Nf6 {and white's pieces are paralyzied.}) 13... Ne7
$6 {losing the resourse of taking on f3, corrupting white's pawn structure.} ({
Better was} 13... Bxf3 14. gxf3 Ne7 15. Na5 $13 {[%cal Yd3b3]} (15. Rad1 $5))
14. Rad1 $14 Ng6 ({Doesn't work} 14... Bxf3 {in view of} 15. Qxf3 Qxc4 $4 16.
Qg4+ $18) 15. h3 Bxf3 (15... Nh4 16. Ncxe5 $16 (16. Bg5 Be7 17. Bxh4 Bxf3 18.
Qxf3 Bxh4 19. Qg4 $14)) (15... Bh5 $2 16. g4 $16) 16. Qxf3 $14 {White has won
the opening struggle and got a dreamed position. His pieces are much more
active than black's counterparts. White's pawn structure is better than
black's one as well.} Be7 17. Qf5 $1 {White has clear advantage in the
forthcoming endgame.} (17. b3 $14) 17... Qxf5 18. exf5 Nh4 19. g4 $1 {After
this move black has some problem with his knight, which, actually, is out of
the game. White's plan is quite simple: 1) to change as much pieces as
possible, because each endgame is winning for him; 2) to attack black's
weaknesses on the king side.} ({Badly} 19. Nxe5 $6 Nxf5 {and black is close to
an equality.}) 19... e4 20. Rd7 {threatening Bf4 and Rxc7.} Rd8 (20... Nf3+ 21.
Kg2 Rd8 (21... b5 22. Bf4 Bd8 23. Na5 $16) 22. Rxd8+ Bxd8 23. Nd2 $16) 21.
Rxd8+ (21. Rxc7+ {doesn't work, in view of} Kxc7 22. Bf4+ Bd6 (22... Kc8 23.
Nb6#) 23. Nxd6 (23. Bxd6+ Rxd6) 23... Kb6) 21... Bxd8 {Of course, black saves
his rook, at least for defending the e4 pawn.} 22. Nd2 Re8 23. Kf1 (23. Kh2 $5
{comes to consideration.}) 23... g6 {trying to get into the game his knight.}
24. fxg6 hxg6 (24... Nxg6 25. Re1 $16) 25. Re1 Bf6 (25... Nf3 26. Nxf3 exf3 27.
Bd4) 26. Bf4 $1 (26. c3 {was quite strong as well.} Nf3 27. Nxf3 exf3 28. Bd4)
26... Bxb2 27. Bg5 $1 Rh8 (27... Bc3 28. Rxe4 Rxe4 29. Nxe4 Nf3 30. Nxc3 Nxg5
31. h4 $18) 28. Rxe4 Bc1 29. Ke2 Rh7 $2 {loses on the spot.} ({A little more
resistant was} 29... b6 $16) 30. Re8+ $18 Kd7 31. Rd8+ Ke6 32. Ne4 Bxg5 (32...
Bb2 33. Nc5+ Kf7 (33... Ke5 34. f4#) 34. Rd7+ $18) (32... Ba3 33. Nf6 $18) 33.
Nxg5+ Ke7 34. Rg8 $1 {Of course, white could take 1-2 pawns on the queenside
and to get winning position, but this move doesn't remain any chance for black.
} Rh6 35. Kf1 $1 {, preventing Ng2. Now all the black pieces are paralized.
The rest is a matter of an easy technique for white.} Kf6 36. f4 c5 37. Kf2 c4
38. Kg3 b5 39. Rc8 Ke7 40. Rxc7+ Kd6 41. Rg7 Kd5 42. Nf7 Rh5 43. gxh5 Nf5+ 44.
Kf2 Nxg7 45. h6 1-0

[Event "Kish 2nd"]
[Site "Kish"]
[Date "2005.02.05"]
[Round "6"]
[White "Darban, Morteza"]
[Black "Kunte, Abhijit"]
[Result "1-0"]
[WhiteElo "2404"]
[BlackElo "2568"]
[Annotator "Erenburg,S"]
[PlyCount "93"]
[EventDate "2005.02.02"]
[EventType "tourn"]
[EventRounds "11"]
[EventCountry "IRI"]
[EventCategory "9"]
[SourceTitle "CBM 106"]
[Source "ChessBase"]
[SourceDate "2005.06.06"]
[SourceVersion "1"]
[SourceVersionDate "2005.06.06"]
[SourceQuality "1"]

{[%mdl 4104]} 1. e4 e5 2. Nf3 Nc6 3. Bb5 a6 4. Bxc6 dxc6 5. Nc3 ({More popular
option is an immediate castle:} 5. O-O Qd6 6. Na3 Be6 7. Qe2 f6 8. Rd1 {
---> 1-0 Erenburg,S-Inarkiev,E/Istanbul 2003/CBM 96/[Erenburg] (45)}) 5... f6
6. d4 exd4 7. Qxd4 ({Another theoretical line is} 7. Nxd4 c5 8. Nde2 Qxd1+ 9.
Nxd1 {1/2-1/2 Stripunsky,A-Kaidanov,G/Seattle 2002/CBM 087/[Donev] (58)}) 7...
Qxd4 8. Nxd4 Bd7 {preparing to castle long.} 9. Be3 O-O-O 10. f3 {covering the
g4 square.} Bd6 $146 {According to my database this position appeared for the
first time. In the preceding games black tried} (10... Bb4 11. Nde2 Ne7 12.
O-O-O Ng6 13. a3 Be7 14. Nf4 Nxf4 15. Bxf4 Be6 16. Rxd8+ Rxd8 17. Rd1 Rxd1+ 18.
Nxd1 $14 {1/2-1/2 Solak,D-Somborski,N/Niska Banja 1996/EXT 2002 (46)}) (10...
Ne7 11. Kf2 Ng6 12. Rad1 Bd6 13. Nde2 Rhe8 14. h4 Ne5 15. b3 c5 16. Rd2 Bc6 17.
Rhd1 Bf8 18. Rxd8+ Rxd8 19. Rxd8+ Kxd8 20. Nf4 Kd7 21. g4 {1/2-1/2 Kochyev,
A-Savon,V/St Petersburg 1994/EXT 98 (21)}) 11. O-O-O Ne7 12. Nb3 $1 {preparing
an occupation of c5 square.} b6 $2 ({Better is} 12... Rhe8 13. Nc5 (13. Bc5
Bf4+ 14. Kb1 b6 $11) 13... Nf5 14. Bf2 Bf4+ 15. Kb1 Be3 16. Bxe3 Nxe3 17. Rd3
Nxg2 18. Nxd7 Rxd7 19. Rxd7 Kxd7 20. Rg1 Nh4 21. Rxg7+ Re7 $11) {[%tqu "En",
"Please find the best move for white.","","","d1d6","",10]} 13. Rxd6 $1 {
[%mdl 64] Probably, black has underevaluated the resource of sacrificing an
exchange...} (13. Bxb6 $4 Bf4+ $19) 13... cxd6 14. Bxb6 Rde8 15. Rd1 {forcing
black to push forward the "d" pawn, thus, white gets an extremely important
square c5 for his knight.} d5 {Other continuations are not better:} (15... Kb7
16. Rxd6 Bc8 (16... Bh3 17. gxh3 Kxb6 18. Rd7 {[%cal Yc3a4]} Nc8 19. Na4+ Kb5
20. Rb7+ $18) (16... Kxb6 17. Rxd7 $18 {[%cal Yc3a4]}) 17. Na4 $18) 16. Nc5 h5
{intending to join the kingside rook to the game via h6.} (16... f5 17. exd5
cxd5 18. Nxd5 Nxd5 19. Rxd5 Re7 20. Nxa6 Rhe8 21. Nc5 $16) 17. a4 $6 {[%cal
Ga4a5,Yc5a6,Ga5b6] seems too slow. Black gets an important tempo to join the
kingside rook to the game.} ({Worse is} 17. Nxa6 Kb7 18. Nc5+ Kxb6 19. Nxd7+
Kc7 20. Nc5 Kd6 $14) ({Right was} 17. exd5 Nxd5 18. Nxd5 cxd5 19. Rxd5 Re7 (
19... Bc6 20. Rd6 $18) 20. Nxa6 Kb7 21. Bc5 $16) 17... f5 $2 {missing the
following opportunity:} (17... Rh6 $1 {[%cal Yh6g6]} 18. a5 (18. exd5 Nxd5 19.
Nxd5 cxd5 20. Rxd5 Bc6 21. Rd3 (21. Rd6 {is met by} f5) 21... f5 22. b3 $14)
18... Rg6 19. Rd2 f5 20. b3 $14) 18. exd5 Nxd5 19. Nxd5 cxd5 20. Rxd5 Bc6 $6 {
Black gives white too big material advantage...} ({Probably, the least of the
evils was} 20... Re1+ 21. Kd2 Re7 22. Kc3 $16 {[%cal Yc3b4,Yb4a5]}) 21. Rxf5
Re1+ 22. Kd2 Rhe8 23. Rg5 $1 {protecting the g2 pawn and attacking the g7 pawn.
Unfortunately for black, he cannot create any serious threats against white's
monarch...} (23. Rf7 R1e7 24. Rxe7 Rxe7 $16) 23... R1e2+ 24. Kc3 R8e3+ ({
Doesn't change too much:} 24... R8e7 25. a5 Bb5 26. Ne4 {[%cal Ge4d6,Yd6f5]} h4
27. Nd6+ Kb8 28. Rg4 (28. Bd4 Rc7+ 29. Kb4 Rcxc2 30. Nxb5 axb5 31. Kxb5 Rxg2 {
with some chances for a draw.}) 28... h3 29. gxh3 Rxh2 30. Rh4 $18) 25. Kb4 Re7
(25... Rxc2 {loses as well:} 26. Rxg7 {[%cal Yg7c7]} Rxc5 (26... Rxb2+ 27. Ka5
$18) 27. Bxc5 $18) 26. Ka5 $18 {Now white's monarch is not only safe, but also
very active, that he can take part in pushing forward his passed queenside
pawns. Black's position is hopeless...} Rxc2 27. b3 Rce2 28. Kxa6 h4 29. h3 $1
{preventing any black's counterplay.} Rd2 30. Rg4 {taking control over the
fourth rank.} Kb8 31. b4 Be8 (31... Ka8 32. b5 $18) 32. Rxh4 {winning another
pawn.} Bf7 ({Black cannot take the pawn:} 32... Rxg2 {, in view of} 33. Rd4 $18
{with following Rd8+.}) 33. b5 Be8 34. Ka5 ({It wasn't too late to make a
mistake:} 34. a5 $4 Rd6 $19 {[%cal Ye7a7] with inevitable mate.}) 34... Kc8 35.
Rg4 Bh5 36. Rg5 Be8 37. h4 {Now white is going to push forward as far as he
can his kingside pawns.} Kb8 38. Rg4 Rd5 39. Rf4 Kc8 40. g4 Bf7 41. h5 Rd1 42.
Ka6 Kb8 43. Ne4 {activating the knight.} Be8 44. Rf8 Re6 45. Rg8 Ra1 46. Ka5
Ra3 47. Nd6 {winning an exchange.} (47. Nd6 Rxd6 48. Rxe8+ Kb7 49. Bc5 $18) 1-0